Statistics for Top 10 English Counties by area

Click here to take the quiz!

General Stats

  • This quiz has been taken 23 times
    (9 since last reset)
  • The average score is 8 of 10

Answer Stats

RankTop 10 English Counties by area% Correct
1North Yorkshire
89%
4Devon
89%
5Norfolk
89%
6Northumberland
89%
8Suffolk
89%
9Hampshire
89%
2Lincolnshire
78%
3Cumbria
78%
10Kent
67%
7Somerset
33%

Score Distribution

Percentile by Number Answered

Percent of People with Each Score

Your Score History

You have not taken this quiz since the last reset